000 00901nam a2200265 u 4500
001 61647
005 20180714063350.0
008 141106s2009 sp a r 000 0 spa d
020 _a84-7844-433-5
082 0 _a833.9
_bENZ
100 1 _aEnzensberger, Hans Magnus
_eautor
245 1 3 _aEl diablo de los números :
_bun libro para todos aquellos que temen a las matemáticas /
_cHans Magnus Enzensberger.
250 _a18 ª edición
264 1 _aEspaña :
_bSiruela,
_c2005
300 _a255 páginas :
_bilustraciones ;
_c24 cm.
336 _atexto
_2rdacontent
337 _asin mediación
_2rdamedia
338 _avolume
_2rdacarrier
650 0 _aMatemáticas en la literatura
650 0 _aNúmeros naturales
650 0 _aSueños
_xNovela
650 0 _aNovela alemana
_xSiglo XX
700 1 _aBerner, Rotraut Susanne
_eilustrador
700 1 _aFortea, Carlos
_etraductor
999 _c61647
_d61647